Rozpočet 4.0 sa musí vrátiť cez inovácie

Technológie, ktoré prináša riadenie s využitím digitálnych dát v prepojených systémoch, priniesli podnikom takmer nekonečné možnosti investovať a zvýšili tlak na racionálne rozhodovanie. Firmy s investíciami rátajú a investujú. Hlavné ciele investícií sú inteligentné riadenie výroby, čiže materiálov...

Descrizione completa

Salvato in:
Dettagli Bibliografici
Autore principale: Jesný, Martin
Natura: Capitolo di libro
Lingua:slovacco
Soggetti:
Tags: Aggiungi Tag
Nessun Tag, puoi essere il primo ad aggiungerne!!

MARC

LEADER 00000naa$a2200000$$$4500
001 0246561
005 20180723130239.6
041 0 |a slo 
044 |a SK 
245 1 0 |a Rozpočet 4.0 sa musí vrátiť cez inovácie  |c Martin Jesný 
520 |a Technológie, ktoré prináša riadenie s využitím digitálnych dát v prepojených systémoch, priniesli podnikom takmer nekonečné možnosti investovať a zvýšili tlak na racionálne rozhodovanie. Firmy s investíciami rátajú a investujú. Hlavné ciele investícií sú inteligentné riadenie výroby, čiže materiálové úspory a využitie strojov, a automatizácia. Hlavné zložky investícií do industry 4.0. Skladba rozpočtu 4.0. 
610 2 0 |a priemysel 4.0 
610 2 0 |a digitalizácia 
610 2 0 |a rozpočet investičný 
610 2 0 |a inovácia 
610 2 0 |a technológie nové 
100 1 |a Jesný, Martin